Kliknij w prawidłową stolicę państw Europy - Statystyki

Ogólne statystyki
  • Ten quiz został rozwiązany 609 razy
  • Średni wynik to 38 z 46
Statystyki odpowiedzi
Hint Odpowiedź % Poprawnych
Holandia Amsterdam
99%
Niemcy Berlin
95%
Hiszpania Madryt
93%
San Marino San Marino
92%
Polska Warszawa
92%
Francja Paryż
90%
Czechy Praga
89%
Andora Andora
88%
Portugalia Lizbona
88%
Dania Kopenhaga
87%
Włochy Rzym
87%
Turcja Ankara
86%
Belgia Bruksela
86%
Wielka Brytania Londyn
86%
Białoruś Mińsk
86%
Rosja Moskwa
86%
Litwa Wilno
86%
Ukraina Kijów
85%
Luksemburg Luksemburg
85%
Monako Monako
85%
Łotwa Ryga
85%
Estonia Tallinn
85%
Watykan Watykan
85%
Austria Wiedeń
85%
Chorwacja Zagrzeb
85%
Finlandia Helsinki
84%
Irlandia Dublin
83%
Norwegia Oslo
83%
Islandia Rejkiawik
83%
Grecja Ateny
82%
Słowacja Bratysława
82%
Szwecja Sztokholm
81%
Węgry Budapeszt
80%
Albania Tirana
80%
Liechtenstein Vaduz
80%
Szwajcaria Berno
79%
Rumunia Bukareszt
79%
Malta Valletta
78%
Czarnogóra Podgorica
77%
Bułgaria Sofia
75%
Mołdawia Kiszyniów
74%
Słowenia Lublana
74%
Macedonia Północna Skopje
74%
Serbia Belgrad
73%
Kosowo Prisztina
73%
Bośnia i Hercegowina Sarajewo
73%
Nie znaleziono quizów pasujących do podanych kryteriów
Rozkład punktacji
Procent ludzi z każdym wynikiem
Percentyl według liczby udzielonych odpowiedzi
Twoja historia wyników
Nie rozwiązałeś tego quizu